[Event "SVK-chT 2324"]
[Site "Slovakia"]
[Date "2023.12.10"]
[Round "4.5"]
[White "Szegi, Tamas"]
[Black "Meszaros, Michal"]
[Result "1/2-1/2"]
[WhiteElo "2178"]
[BlackElo "2362"]
[PlyCount "69"]
[EventDate "2023.11.04"]
[EventType "team-tourn"]
[EventRounds "11"]
[EventCountry "SVK"]
[SourceTitle "CB04_2024"]
[SourceDate "2023.10.16"]
[SourceVersion "1"]
[SourceVersionDate "2023.10.16"]
[SourceQuality "1"]
[WhiteTeam "Komarno"]
[BlackTeam "Dunajska Streda"]
[WhiteTeamCountry "SVK"]
[BlackTeamCountry "SVK"]

1. e4 c5 2. Nf3 d6 3. c3 Nf6 4. Be2 Nc6 5. d4 cxd4 6. cxd4 Nxe4 7. d5 Qa5+ 8. Nc3 Nxc3 9. bxc3 Ne5 10. Nxe5 dxe5 11. Qb3 Qc7 12. 0-0 g6 13. Ba3 Bd7 14. Rad1 Qc8 15. f4 e4 16. Qb4 f5 17. Kh1 Kf7 18. c4 e6 19. c5 b6 20. d6 bxc5 21. Qa5 Qd8 22. Qxc5 Bg7 23. Ba6 Rb8 24. Qc7 Rb6 25. Bb7 Bf6 26. Rf2 Qxc7 27. dxc7 Bc8 28. Bxc8 Rxc8 29. Bd6 Ke8 30. g3 Kf7 31. Rfd2 Rc6 32. Rb1 Rb6 33. Rbd1 Rc6 34. Rb1 Rb6 35. Rbd1 1/2-1/2

[Event "SVK-chT 2223"]
[Site "Slovakia"]
[Date "2023.03.31"]
[Round "9.4"]
[White "Varga, Zoltan"]
[Black "Szegi, Tamas"]
[Result "1-0"]
[WhiteElo "2401"]
[BlackElo "2221"]
[PlyCount "81"]
[EventDate "2022.10.22"]
[EventType "team-tourn"]
[EventRounds "11"]
[EventCountry "SVK"]
[SourceTitle "EXT 2024"]
[Source "ChessBase"]
[SourceDate "2023.10.10"]
[SourceVersion "1"]
[SourceVersionDate "2023.10.10"]
[SourceQuality "1"]
[WhiteTeam "Dunajska Streda"]
[BlackTeam "Komarno"]
[WhiteTeamCountry "SVK"]
[BlackTeamCountry "SVK"]

1. e4 c5 2. Nf3 e6 3. d4 cxd4 4. Nxd4 Nf6 5. Nc3 d6 6. Be3 a6 7. f3 Be7 8. Qd2 Qc7 9. g4 b5 10. g5 Nfd7 11. 0-0-0 Nb6 12. h4 N8d7 13. Nb3 b4 14. Nb1 0-0 15. Qxb4 a5 16. Qc3 Qb8 17. h5 e5 18. g6 d5 19. gxh7+ Kh8 20. h6 g6 21. exd5 Bb4 22. Qd3 f5 23. Qb5 Ba6 24. Qc6 Rf6 25. Bxa6 Rxc6 26. dxc6 Nf8 27. Bb7 Nc4 28. Bg5 a4 29. Rd8 Qa7 30. Rxa8 Qf2 31. N3d2 Qg2 32. Rd1 Qxg5 33. c7 Nb6 34. c8Q Nxc8 35. Rxc8 Qe7 36. Bd5 Qd7 37. Rc4 Be7 38. Nc3 a3 39. Nb3 Qa7 40. Kb1 axb2 41. a4 1-0

[Event "SVK-chT1W 1920"]
[Site "Slovakia"]
[Date "2019.11.09"]
[Round "3.1"]
[White "Szegi, Tamas"]
[Black "Mihok, Oliver"]
[Result "0-1"]
[WhiteElo "2194"]
[BlackElo "2559"]
[PlyCount "62"]
[EventDate "2019.10.12"]
[EventType "team-tourn"]
[EventRounds "11"]
[EventCountry "SVK"]
[SourceTitle "CBM 193 Extra"]
[Source "ChessBase"]
[SourceDate "2020.01.31"]
[SourceVersion "1"]
[SourceVersionDate "2020.01.31"]
[SourceQuality "1"]
[WhiteTeam "Batorove Kosihy"]
[BlackTeam "Nitra NSK"]
[WhiteTeamCountry "SVK"]
[BlackTeamCountry "SVK"]

1. e4 c5 2. Nf3 Nc6 3. c3 d5 4. exd5 Qxd5 5. Na3 Bf5 6. Bc4 Qd7 7. Qb3 e6 8. Bb5 Bd6 9. Nc4 Nge7 10. d4 0-0 11. Be3 cxd4 12. Nxd4 Nxd4 13. Bxd7 Nxb3 14. axb3 Bc7 15. Bc5 Rfd8 16. Bxe7 Rxd7 17. Bc5 Rad8 18. 0-0 Bd3 19. Rfe1 Bc2 20. Rxa7 Rd1 21. Ra1 Rxe1+ 22. Rxe1 Bxb3 23. Ne3 Rd2 24. Ra1 h5 25. Ra8+ Kh7 26. Ba3 Bb6 27. Rb8 Bd5 28. g3 Bxe3 29. fxe3 Rg2+ 30. Kf1 Rxh2 31. b3 Rc2 0-1

[Event "SVK-chT1W 1920"]
[Site "Slovakia"]
[Date "2019.10.12"]
[Round "1.1"]
[White "Motuz, Karol"]
[Black "Szegi, Tamas"]
[Result "1-0"]
[WhiteElo "2365"]
[BlackElo "2194"]
[PlyCount "69"]
[EventDate "2019.10.12"]
[EventType "team-tourn"]
[EventRounds "11"]
[EventCountry "SVK"]
[SourceTitle "CBM 193 Extra"]
[Source "ChessBase"]
[SourceDate "2020.01.31"]
[SourceVersion "1"]
[SourceVersionDate "2020.01.31"]
[SourceQuality "1"]
[WhiteTeam "Povazska Bystrica"]
[BlackTeam "Batorove Kosihy"]
[WhiteTeamCountry "SVK"]
[BlackTeamCountry "SVK"]

1. c4 Nf6 2. Nc3 g6 3. d4 Bg7 4. e4 d6 5. Nge2 0-0 6. Ng3 e5 7. d5 c6 8. Be2 h5 9. h4 Ng4 10. f3 Nh6 11. Bd3 Na6 12. a3 Nc5 13. Bc2 a5 14. Be3 Kh7 15. Qd2 f6 16. 0-0-0 Nf7 17. Kb1 Rb8 18. Nge2 Qe8 19. dxc6 Qxc6 20. Nd5 b5 21. Qxa5 bxc4 22. Nb4 Qb7 23. Bxc5 dxc5 24. Qxc5 Be6 25. Qc6 Qe7 26. Nc3 Rfc8 27. Ncd5 Bxd5 28. Qxd5 Rxb4 29. axb4 Qxb4 30. Qxf7 Rb8 31. Kc1 Qxb2+ 32. Kd2 Rb7 33. Qxc4 Bh6+ 34. Ke2 Qb6 35. Qd3 1-0

[Event "SVK-chT1W 1819"]
[Site "Slovakia"]
[Date "2019.03.16"]
[Round "10.1"]
[White "Pechac, Jergus"]
[Black "Szegi, Tamas"]
[Result "1-0"]
[WhiteElo "2449"]
[BlackElo "2185"]
[PlyCount "59"]
[EventDate "2018.10.27"]
[EventType "team-tourn"]
[EventRounds "11"]
[EventCountry "SVK"]
[SourceTitle "CBM 189 Extra"]
[Source "ChessBase"]
[SourceDate "2019.06.03"]
[SourceVersion "1"]
[SourceVersionDate "2019.06.03"]
[SourceQuality "1"]
[WhiteTeam "Trnava Sered"]
[BlackTeam "Batorove Kosihy"]
[WhiteTeamCountry "SVK"]
[BlackTeamCountry "SVK"]

1. d4 Nf6 2. c4 g6 3. g3 Bg7 4. Bg2 c6 5. e4 d5 6. e5 Nfd7 7. cxd5 c5 8. e6 fxe6 9. dxe6 Nb6 10. d5 0-0 11. Nc3 Bd4 12. Bf4 Nc4 13. Nge2 Nxb2 14. Qc2 g5 15. Nxd4 cxd4 16. Be5 Nc4 17. Bxd4 Nc6 18. Rd1 Nxd4 19. Rxd4 Ne5 20. 0-0 Qc7 21. Qd2 Ng6 22. Be4 Qe5 23. Bxg6 hxg6 24. Rg4 Rf5 25. Re1 Qg7 26. Rxg5 Rxg5 27. Qxg5 Qxc3 28. Qxg6+ Qg7 29. Qe8+ Qf8 30. Qh5 1-0

[Event "SVK-chT2B 1718"]
[Site "Slovakia"]
[Date "2018.02.04"]
[Round "7.1"]
[White "Szegi, Tamas"]
[Black "Chlpik, Martin"]
[Result "0-1"]
[WhiteElo "2208"]
[BlackElo "2125"]
[PlyCount "64"]
[EventDate "2017.10.28"]
[EventType "team-tourn"]
[EventRounds "11"]
[EventCountry "SVK"]
[SourceTitle "EXT 2019"]
[Source "ChessBase"]
[SourceDate "2018.10.10"]
[SourceVersion "1"]
[SourceVersionDate "2018.10.10"]
[SourceQuality "1"]
[WhiteTeam "Batorove Kosihy"]
[BlackTeam "Levice"]
[WhiteTeamCountry "SVK"]
[BlackTeamCountry "SVK"]

1. e4 c5 2. c3 d6 3. d4 Nf6 4. dxc5 Nc6 5. Qa4 dxc5 6. Be3 e6 7. Be2 Qc7 8. h3 Bd7 9. Qc2 Ne5 10. Nd2 Bc6 11. f4 Ng6 12. g3 b6 13. 0-0-0 Qb7 14. Bf3 0-0-0 15. e5 Nd5 16. Bf2 h5 17. h4 Nge7 18. Ne4 Nf5 19. Qe2 Be7 20. Nh3 Nde3 21. Rxd8+ Rxd8 22. Nhg5 Bxg5 23. Nxg5 Bxf3 24. Nxf3 Ng4 25. Re1 Qd5 26. Ng5 Qg2 27. Ne4 Nxf2 28. Qxf2 Qxf2 29. Nxf2 Nxg3 30. Ne4 Nxe4 31. Rxe4 Rd3 32. f5 exf5 0-1

[Event "SVK-chT1W 1718"]
[Site "Slovakia"]
[Date "2018.02.03"]
[Round "7.4"]
[White "Skreno, Vladimir"]
[Black "Szegi, Tamas"]
[Result "1/2-1/2"]
[WhiteElo "2175"]
[BlackElo "2208"]
[PlyCount "38"]
[EventDate "2017.10.21"]
[EventType "team-tourn"]
[EventRounds "11"]
[EventCountry "SVK"]
[SourceTitle "EXT 2019"]
[Source "ChessBase"]
[SourceDate "2018.10.10"]
[SourceVersion "1"]
[SourceVersionDate "2018.10.10"]
[SourceQuality "1"]
[WhiteTeam "Nitra NSK"]
[BlackTeam "Komarno KSC"]
[WhiteTeamCountry "SVK"]
[BlackTeamCountry "SVK"]

1. d4 Nf6 2. Nf3 g6 3. c4 Bg7 4. Nc3 0-0 5. e4 d6 6. Be2 e5 7. 0-0 Nc6 8. d5 Ne7 9. Ne1 c6 10. Be3 cxd5 11. cxd5 Ne8 12. f3 f5 13. g4 Kh8 14. Nd3 Ng8 15. Qd2 Qh4 16. Qe1 Qe7 17. Qd2 Qh4 18. Qe1 Qe7 19. Qd2 Qh4 1/2-1/2

[Event "SVK-chT2B 1718"]
[Site "Slovakia"]
[Date "2018.01.13"]
[Round "5.1"]
[White "Szegi, Tamas"]
[Black "Molnar, Erno"]
[Result "1/2-1/2"]
[WhiteElo "2208"]
[BlackElo "2218"]
[PlyCount "59"]
[EventDate "2017.10.28"]
[EventType "team-tourn"]
[EventRounds "11"]
[EventCountry "SVK"]
[SourceTitle "EXT 2019"]
[Source "ChessBase"]
[SourceDate "2018.10.10"]
[SourceVersion "1"]
[SourceVersionDate "2018.10.10"]
[SourceQuality "1"]
[WhiteTeam "Batorove Kosihy"]
[BlackTeam "Komarno II"]
[WhiteTeamCountry "SVK"]
[BlackTeamCountry "SVK"]

1. Nf3 Nf6 2. d4 g6 3. c3 Bg7 4. Bf4 b6 5. h3 c5 6. e3 Bb7 7. Nbd2 0-0 8. dxc5 bxc5 9. Qb3 Qb6 10. Nc4 Qxb3 11. axb3 d6 12. Bh2 Nbd7 13. Be2 Rfb8 14. 0-0 Ne4 15. Ra3 Bd5 16. Na5 Rb6 17. Rd1 Ndf6 18. Ne1 Rab8 19. f3 Ng5 20. Nc4 Rxb3 21. Rxa7 R3b7 22. Rxb7 Rxb7 23. e4 Bxc4 24. Bxc4 Rxb2 25. e5 Ne8 26. Nd3 Rb8 27. h4 Ne6 28. exd6 exd6 29. Bxe6 fxe6 30. Nxc5 1/2-1/2

[Event "SVK-chT2B 1718"]
[Site "Slovakia"]
[Date "2017.10.28"]
[Round "1.1"]
[White "Szegi, Tamas"]
[Black "Meszaros, Norbert"]
[Result "1/2-1/2"]
[WhiteElo "2208"]
[BlackElo "2149"]
[PlyCount "68"]
[EventDate "2017.10.28"]
[EventType "team-tourn"]
[EventRounds "11"]
[EventCountry "SVK"]
[SourceTitle "CBM 181 Extra"]
[Source "ChessBase"]
[SourceDate "2017.12.12"]
[SourceVersion "1"]
[SourceVersionDate "2017.12.12"]
[SourceQuality "1"]
[WhiteTeam "Batorove Kosihy"]
[BlackTeam "Nove Zamky"]
[WhiteTeamCountry "SVK"]
[BlackTeamCountry "SVK"]

1. e4 c5 2. Nf3 e6 3. c3 d5 4. e5 Nc6 5. d4 f6 6. Bd3 fxe5 7. dxe5 c4 8. Bc2 Bc5 9. 0-0 Nge7 10. b4 cxb3 11. axb3 a6 12. Ng5 g6 13. Qf3 Rf8 14. Qg3 Nf5 15. Bxf5 Rxf5 16. Nxh7 Nxe5 17. Be3 Be7 18. f4 Bh4 19. Qh3 Qe7 20. fxe5 Rxf1+ 21. Kxf1 Qxh7 22. Nd2 Qf7+ 23. Kg1 Be7 24. Rf1 Qg7 25. Qg3 Bd7 26. Bg5 0-0-0 27. Bf6 Qh7 28. Qe3 Bb5 29. Rf3 Re8 30. Bxe7 Qxe7 31. b4 Rf8 32. Rxf8+ Qxf8 33. Nf3 Qf5 34. h3 Qd3 1/2-1/2